Methods for antimicrobial disk susceptibility testing of bacteria isolated from aquatic animals; A report

Bewaard in:
Bibliografische gegevens
Formaat: Boek
Taal:Undetermined
Gepubliceerd in: Wayne, PA NCCLS 2003
Onderwerpen:
Tags: Voeg label toe
Geen labels, Wees de eerste die dit record labelt!
Thư viện lưu trữ: Trung tâm Học liệu Trường Đại học Cần Thơ
LEADER 00533nam a2200181Ia 4500
001 CTU_68186
008 210402s9999 xx 000 0 und d
020 |b 138 
082 |a 639.3 
082 |b M592/Vol.20-No.19 
245 0 |a Methods for antimicrobial disk susceptibility testing of bacteria isolated from aquatic animals; A report 
260 |a Wayne, PA 
260 |b NCCLS 
260 |c 2003 
650 |a Aquatic animals 
650 |x Microbiology 
904 |i Minh 
980 |a Trung tâm Học liệu Trường Đại học Cần Thơ